| 000 | 00353nam a2200133Ia 4500 | ||
|---|---|---|---|
| 008 | 240624s9999 xx 000 0 und d | ||
| 041 | _aeng | ||
| 082 | _a658.421 DER | ||
| 100 | _aDERMER MICHAEL | ||
| 245 | _aLONELY ENTREPRENEUR THE DIFFERENCE BETWE | ||
| 260 |
_c2016 _aLondon _bClink Street Publishing |
||
| 300 | _a318 p.; 23 cm. | ||
| 365 |
_cRS _b38 |
||
| 999 |
_c29098 _d29098 |
||